Statistics for Districts of Djibouti

Click here to take the quiz!

General Stats

  • This quiz has been taken 3 times
  • The average score is 3 of 20

Answer Stats

District % Correct
Djibouti District
67%
Yoboki District
33%
Ali Sabieh District
33%
Arta District
33%
Tadjoura District
33%
Randa District
33%
Obock District
33%
Dikhil District
33%
Lake Asal District
0%
Mousa Ali District
0%
Moulhoule District
0%
Adailou District
0%
Khor Angar District
0%
Holhol District
0%
Ali Adde District
0%
Dorra District
0%
Dadda'to District
0%
Balho District
0%
As Eyla District
0%
Galafi District
0%

Score Distribution

Percentile by Number Answered

Percent of People with Each Score

Your Score History

You have not taken this quiz